000 00378nam a2200145Ia 4500
008 240624s9999 xx 000 0 und d
041 _aeng
082 _a658.83 MAL
100 _aMALHOTRA NARESH
245 _aMARKETING RESEARCH AN APPLIED ORIENTATIO
250 _a(5th ed.)
260 _c2007
_aNew Delhi
_bPearson Education
300 _a909 : p. : cm. ; 26
365 _cRS
_b40
999 _c8296
_d8296